[Event "Philadelphia Open"]
[Site "Philadelphia"]
[Date "2013.03.29"]
[Round "4"]
[White "Helfst, Matt"]
[Black "Barnett, Alex"]
[Result "0-1"]
[WhiteElo "2012"]
[BlackElo "2214"]
[PlyCount "50"]
[EventDate "2013.03.??"]
[EventType "swiss"]
[EventRounds "9"]
[EventCountry "USA"]
[Source "MonRoi"]

1. Nf3 d5 2. d4 c6 3. c4 Nf6 4. cxd5 cxd5 5. Nc3 Nc6 6. Bf4 e6 7. e3 a6 8. h3
Bd7 9. Bd3 Be7 10. O-O O-O 11. Rc1 b5 12. Nd2 Qb6 13. a3 Na5 14. a4 Nc4 15. b3
Nb2 16. Qc2 Nxd3 17. Qxd3 Rfc8 18. Nf3 Qa5 19. Ne5 Be8 20. axb5 axb5 21. Rc2
Nh5 22. Rfc1 Ba3 23. Ra1 f6 24. Nb1 Qe1+ 25. Kh2 fxe5 0-1

[Event "Philadelphia Open"]
[Site "Philadelphia"]
[Date "2013.03.29"]
[Round "4"]
[White "Balakrishnan, Praveen"]
[Black "Strenzwilk, Denis"]
[Result "1-0"]
[WhiteElo "2026"]
[BlackElo "2202"]
[PlyCount "103"]
[EventDate "2013.03.??"]
[EventType "swiss"]
[EventRounds "9"]
[EventCountry "USA"]
[Source "MonRoi"]

1. e4 d5 2. exd5 Nf6 3. Bb5+ Bd7 4. Bxd7+ Qxd7 5. c4 c6 6. dxc6 Nxc6 7. Nf3 e5
8. Qe2 O-O-O 9. O-O e4 10. Ne1 Bc5 11. Nc3 Rhe8 12. a3 Nd4 13. Qd1 a6 14. b4
Ba7 15. c5 Bb8 16. Na4 Bc7 17. Bb2 Kb8 18. Rc1 Qf5 19. Rc4 Nc6 20. Nc2 Qf4 21.
g3 Qxd2 22. Qxd2 Rxd2 23. Bc1 Rd7 24. Ne3 Ne5 25. Rc2 Nf3+ 26. Kg2 Re6 27. c6
Rxc6 28. Rxc6 bxc6 29. Nc5 Rd8 30. Nxa6+ Kb7 31. Nxc7 Kxc7 32. Nc4 Nd5 33. Bb2
f6 34. Rc1 Nb6 35. Na5 Rd6 36. b5 Na4 37. Ba1 c5 38. Rc4 Rd1 39. Rxe4 Ne1+ 40.
Kh3 Rxa1 41. Rxa4 Nd3 42. Nc4 Nxf2+ 43. Kg2 Ne4 44. Ra7+ Kb8 45. b6 Ra2+ 46.
Kg1 Ra1+ 47. Kg2 Ra2+ 48. Kf3 Ng5+ 49. Ke3 Rxh2 50. Na5 Rb2 51. Nc6+ Kc8 52.
Rc7# 1-0

[Event "Philadelphia Open"]
[Site "Philadelphia"]
[Date "2013.03.29"]
[Round "4"]
[White "D'Costa, Lorin"]
[Black "Izoria, Zviad"]
[Result "1/2-1/2"]
[WhiteElo "2416"]
[BlackElo "2583"]
[PlyCount "43"]
[EventDate "2013.03.??"]
[EventType "swiss"]
[EventRounds "9"]
[EventCountry "USA"]
[Source "MonRoi"]

1. Nf3 Nf6 2. c4 e6 3. g3 a6 4. Bg2 b5 5. b3 c5 6. Nc3 Qb6 7. O-O Bb7 8. e3 Be7
9. Qe2 Ne4 10. Nxe4 Bxe4 11. d3 Bb7 12. Bb2 O-O 13. Rfd1 d5 14. Rac1 Nd7 15. d4
dxc4 16. bxc4 Rfe8 17. e4 Rad8 18. Qc2 cxd4 19. Bxd4 Qa5 20. cxb5 axb5 21. Ne5
Nxe5 22. Bxe5 1/2-1/2

[Event "Philadelphia Open"]
[Site "Philadelphia"]
[Date "2013.03.29"]
[Round "5"]
[White "Lenderman, Alex"]
[Black "D'Costa, Lorin"]
[Result "1/2-1/2"]
[WhiteElo "2601"]
[BlackElo "2416"]
[PlyCount "109"]
[EventDate "2013.03.??"]
[EventType "swiss"]
[EventRounds "9"]
[EventCountry "USA"]
[Source "MonRoi"]

1. d4 Nf6 2. c4 e6 3. Nc3 Bb4 4. Qc2 O-O 5. e4 d5 6. e5 Ne4 7. Bd3 c5 8. Nge2
cxd4 9. Nxd4 Nd7 10. Bf4 Ndc5 11. O-O Bxc3 12. bxc3 Bd7 13. Be2 Qa5 14. Rac1
Na4 15. cxd5 exd5 16. f3 Nec5 17. Nb3 Qc7 18. Bg3 Qc6 19. Bf2 Rac8 20. Bd4 Qg6
21. Qd2 b6 22. Rfe1 Rfd8 23. Bf1 Bf5 24. Red1 Rc7 25. Kh1 h6 26. g4 Bc8 27. h3
Nxb3 28. axb3 Nc5 29. Bxc5 bxc5 30. f4 Bb7 31. f5 Qb6 32. Kh2 Re7 33. Qf4 Qc7
34. Bg2 f6 35. Qg3 Qxe5 36. Re1 Qxg3+ 37. Kxg3 Rde8 38. Rxe7 Rxe7 39. Ra1 a6
40. Kf2 d4 41. Bxb7 Rxb7 42. cxd4 cxd4 43. Rxa6 Rxb3 44. Rd6 Rxh3 45. Rxd4 h5
46. Kg2 hxg4 47. Rxg4 Rh5 48. Rf4 Kh7 49. Kg3 Kh6 50. Kg4 Rg5+ 51. Kh4 Rg1 52.
Re4 g5+ 53. fxg6 Kxg6 54. Rg4+ Rxg4+ 55. Kxg4 1/2-1/2

[Event "Philadelphia Open"]
[Site "Philadelphia"]
[Date "2013.03.29"]
[Round "5"]
[White "Van Kampen, Robin Oscar"]
[Black "Mulyar, Michael"]
[Result "1-0"]
[WhiteElo "2642"]
[BlackElo "2382"]
[PlyCount "57"]
[EventDate "2013.03.??"]
[EventType "swiss"]
[EventRounds "9"]
[EventCountry "USA"]
[Source "MonRoi"]

1. e4 e5 2. Nf3 Nc6 3. Bb5 a6 4. Ba4 Nf6 5. O-O b5 6. Bb3 Bc5 7. c3 d6 8. d4
Bb6 9. Be3 O-O 10. Nbd2 Bg4 11. h3 Bh5 12. Bg5 Rb8 13. g4 Bg6 14. d5 Na7 15. a4
c6 16. axb5 axb5 17. Qe2 cxd5 18. Bxd5 h6 19. Bxf6 Qxf6 20. Kg2 Nc8 21. Qxb5
Ne7 22. Qd3 Bh7 23. Ng1 h5 24. Ne2 hxg4 25. hxg4 Qg5 26. f3 Nxd5 27. Qxd5 Rbc8
28. Nc4 Rc5 29. Qd3 1-0

[Event "Philadelphia Open"]
[Site "Philadelphia"]
[Date "2013.03.29"]
[Round "5"]
[White "Yang, Darwin"]
[Black "Schut, Lisa"]
[Result "1-0"]
[WhiteElo "2486"]
[BlackElo "2289"]
[PlyCount "55"]
[EventDate "2013.03.??"]
[EventType "swiss"]
[EventRounds "9"]
[EventCountry "USA"]
[Source "MonRoi"]

1. d4 Nf6 2. c4 g6 3. f3 d5 4. cxd5 Nxd5 5. e4 Nb6 6. Nc3 Bg7 7. Be3 O-O 8. Qd2
Nc6 9. O-O-O Qd6 10. Kb1 Rd8 11. Nb5 Qd7 12. d5 a6 13. Nc3 Qe8 14. Qe1 Na7 15.
Nge2 Nb5 16. Nxb5 axb5 17. Bd4 Nc4 18. Bxg7 Kxg7 19. Qc3+ f6 20. Nd4 Ra4 21. b3
Na3+ 22. Kb2 Ra8 23. Bd3 Bd7 24. Rhe1 e5 25. dxe6 Bxe6 26. e5 f5 27. Qxc7+ Rd7
28. Bxb5 1-0

[Event "Philadelphia Open"]
[Site "Philadelphia"]
[Date "2013.03.29"]
[Round "5"]
[White "Jayakumar, Adarsh"]
[Black "Vigorito, David"]
[Result "1-0"]
[WhiteElo "2294"]
[BlackElo "2437"]
[PlyCount "96"]
[EventDate "2013.03.??"]
[EventType "swiss"]
[EventRounds "9"]
[EventCountry "USA"]
[Source "MonRoi"]

1. d4 g6 2. c4 Bg7 3. Nf3 d6 4. g3 Nf6 5. Bg2 O-O 6. O-O c6 7. Nc3 Qa5 8. e4 e5
9. h3 Nbd7 10. Re1 exd4 11. Nxd4 Ne5 12. Bf1 Re8 13. Be3 c5 14. Nc2 Be6 15. Na3
Qb4 16. Nab5 Nxc4 17. Bxc4 Bxc4 18. a3 Qb3 19. Nxd6 Re7 20. Bxc5 Rc7 21. Bd4
Rd7 22. e5 Ne8 23. Nce4 b6 24. Re3 Qxd1+ 25. Rxd1 Be6 26. Kh2 Rad8 27. Bc3 h6
28. f4 Nxd6 29. exd6 Bxc3 30. Rxc3 Kg7 31. Rc6 Bb3 32. Rd4 Re8 33. Nc3 h5 34.
Kg2 Re6 35. Kf2 Kf6 36. Ne4+ Kg7 37. Nc3 Re8 38. g4 hxg4 39. hxg4 Be6 40. Kg3
Bb3 41. Ne4 f5 42. gxf5 gxf5 43. Ng5 Kf6 44. Nf3 Re4 45. Rxe4 fxe4 46. Ne5 Rg7+
47. Kf2 Be6 48. d7 Ke7 1-0

[Event "Philadelphia Open"]
[Site "Philadelphia"]
[Date "2013.03.29"]
[Round "5"]
[White "Cheng, Bindi"]
[Black "Bora, Safal"]
[Result "1/2-1/2"]
[WhiteElo "2409"]
[BlackElo "2140"]
[PlyCount "58"]
[EventDate "2013.03.??"]
[EventType "swiss"]
[EventRounds "9"]
[EventCountry "USA"]
[Source "MonRoi"]

1. c4 Nf6 2. Nc3 d5 3. cxd5 Nxd5 4. Nf3 g6 5. h4 Bg7 6. h5 O-O 7. Qa4 Nxc3 8.
dxc3 Qd7 9. Qh4 Rd8 10. Bd2 gxh5 11. Rh3 Qd5 12. Rg3 Bg4 13. Qxe7 Bxf3 14.
Rxg7+ Kxg7 15. Bh6+ Kg6 16. gxf3 Nc6 17. Qh4 f6 18. e4 Qf7 19. Be3 Kg7 20. f4
Kh8 21. Be2 Rg8 22. Bxh5 Qe6 23. O-O-O Raf8 24. Bc5 Rd8 25. Rxd8 Rxd8 26. Bg6
Qd7 27. Qxf6+ Kg8 28. Bh5 Qd2+ 29. Kb1 Qd3+ 1/2-1/2

[Event "Philadelphia Open"]
[Site "Philadelphia"]
[Date "2013.03.29"]
[Round "5"]
[White "Shabalov, Alexander"]
[Black "Song, Michael"]
[Result "1-0"]
[WhiteElo "2550"]
[BlackElo "2189"]
[PlyCount "55"]
[EventDate "2013.03.??"]
[EventType "swiss"]
[EventRounds "9"]
[EventCountry "USA"]
[Source "MonRoi"]

1. d4 Nf6 2. c4 g6 3. Nc3 Bg7 4. e4 d6 5. Be2 O-O 6. Bg5 c5 7. d5 h6 8. Bf4 Qa5
9. Qd2 Nbd7 10. f3 Kh7 11. Nh3 Ne5 12. Nf2 e6 13. O-O exd5 14. cxd5 a6 15. a3
Nfd7 16. Bg3 Nb6 17. Nfd1 Nec4 18. Qc2 f5 19. Be1 Ne5 20. f4 Nf7 21. b3 Nd7 22.
exf5 gxf5 23. Ne3 Bd4 24. Kh1 Bxe3 25. Nd1 Qd8 26. Nxe3 Nf6 27. Nxf5 Kh8 28.
Bc3 1-0

[Event "Philadelphia Open"]
[Site "Philadelphia"]
[Date "2013.03.29"]
[Round "5"]
[White "Hua, David"]
[Black "Mandiza, Farai"]
[Result "1-0"]
[WhiteElo "2256"]
[BlackElo "2441"]
[PlyCount "79"]
[EventDate "2013.03.??"]
[EventType "swiss"]
[EventRounds "9"]
[EventCountry "USA"]
[Source "MonRoi"]

1. e4 e6 2. d4 d5 3. Nc3 Bb4 4. e5 c5 5. Bd2 Ne7 6. Nb5 Bxd2+ 7. Qxd2 O-O 8. f4
Bd7 9. dxc5 Bxb5 10. Bxb5 a6 11. Bd3 Nd7 12. b4 a5 13. c3 b6 14. cxb6 axb4 15.
b7 Ra3 16. cxb4 Qb6 17. Nf3 Rb8 18. Ke2 Rxb7 19. Rhc1 g6 20. Qb2 Raa7 21. a3
Nc5 22. Qc3 Nxd3 23. Qxd3 Ra4 24. Rc3 Kg7 25. Rac1 Rba7 26. Nd4 Qb7 27. Kf1 Qa8
28. Nb5 Rd7 29. Nd6 d4 30. Qxd4 Rxa3 31. Rxa3 Qxa3 32. Ra1 Nf5 33. Rxa3 Nxd4
34. Rd3 Nc2 35. Ne8+ Kf8 36. Rxd7 Kxe8 37. Rb7 Ne3+ 38. Kf2 Nd5 39. Kf3 h5 40.
g3 1-0

[Event "Philadelphia Open"]
[Site "Philadelphia"]
[Date "2013.03.29"]
[Round "5"]
[White "Harriott, Tyrell"]
[Black "Bartell, Thomas"]
[Result "1-0"]
[WhiteElo "2249"]
[BlackElo "2381"]
[PlyCount "61"]
[EventDate "2013.03.??"]
[EventType "swiss"]
[EventRounds "9"]
[EventCountry "USA"]
[Source "MonRoi"]

1. d4 Nf6 2. e3 g6 3. Bd3 Bg7 4. f4 O-O 5. Nf3 d6 6. O-O c5 7. c3 Nc6 8. Bc2 b5
9. d5 Na5 10. e4 e6 11. dxe6 fxe6 12. Qe2 Rb8 13. Nbd2 Nc6 14. Ng5 e5 15. f5
gxf5 16. exf5 d5 17. Qf2 Qe7 18. Qh4 e4 19. Ndxe4 dxe4 20. Bxe4 h6 21. Bxc6
hxg5 22. Bxg5 Rb6 23. Bd5+ Rf7 24. Rad1 Rd6 25. Rde1 Qd8 26. Be6 Kf8 27. Bh6
Rb7 28. Bxg7+ Rxg7 29. Qh8+ Ng8 30. f6 Rxg2+ 31. Kxg2 1-0

[Event "Philadelphia Open"]
[Site "Philadelphia"]
[Date "2013.03.29"]
[Round "5"]
[White "Ostrovskiy, Aleksandr"]
[Black "Balasubramanian, A."]
[Result "0-1"]
[WhiteElo "2379"]
[BlackElo "2351"]
[PlyCount "84"]
[EventDate "2013.03.??"]
[EventType "swiss"]
[EventRounds "9"]
[EventCountry "USA"]
[Source "MonRoi"]

1. e4 e5 2. Nf3 Nc6 3. Bb5 a6 4. Ba4 Nf6 5. O-O Be7 6. Re1 b5 7. Bb3 O-O 8. h3
d6 9. c3 Na5 10. Bc2 c5 11. d4 Qc7 12. Nbd2 cxd4 13. cxd4 Bb7 14. a4 b4 15. Nf1
Rac8 16. Bd3 d5 17. dxe5 Nxe4 18. Be3 Nc4 19. Rc1 Nxe3 20. Nxe3 Qb6 21. Rxc8
Rxc8 22. Nd2 Nc5 23. Bb1 g6 24. Qg4 Rd8 25. b3 Bf8 26. Qh4 h5 27. f4 Re8 28.
Qg3 Bg7 29. Kh1 Qc6 30. Bc2 Nd7 31. Nf3 Qc3 32. Qf2 Bh6 33. Nd1 Qc5 34. Nd4 Bg7
35. Qd2 Nf8 36. Nf2 f6 37. exf6 Rxe1+ 38. Qxe1 Bxf6 39. Qe8 Bxd4 40. Bxg6 Qc1+
41. Nd1 Qxd1+ 42. Kh2 Qg1+ 0-1

[Event "Philadelphia Open"]
[Site "Philadelphia"]
[Date "2013.03.29"]
[Round "5"]
[White "Barnett, Alex"]
[Black "Rizzitano, James"]
[Result "0-1"]
[WhiteElo "2214"]
[BlackElo "2322"]
[PlyCount "106"]
[EventDate "2013.03.??"]
[EventType "swiss"]
[EventRounds "9"]
[EventCountry "USA"]
[Source "MonRoi"]

1. e4 c5 2. Nf3 d6 3. d4 cxd4 4. Nxd4 Nf6 5. Nc3 a6 6. Be2 e5 7. Nb3 Be7 8. Bg5
Be6 9. Bxf6 Bxf6 10. Qd3 Nc6 11. O-O-O Nd4 12. Nxd4 exd4 13. Nd5 Bxd5 14. exd5
O-O 15. Kb1 Re8 16. Bf3 Rc8 17. Be4 g6 18. Rde1 Bg7 19. g3 Qa5 20. Rd1 Re5 21.
h4 Rce8 22. Bf3 h5 23. a3 Rf5 24. Ka2 Qd8 25. Qb3 Qf6 26. Rd3 b5 27. a4 Rb8 28.
Re1 Qd8 29. Re2 Kh7 30. g4 hxg4 31. Bxg4 Rf4 32. f3 Qxh4 33. Bd7 Be5 34. Bc6
Kg7 35. axb5 axb5 36. Qa3 Qd8 37. Qa7 Rc8 38. Qa6 b4 39. Kb3 Rb8 40. Re1 Qf6
41. Rf1 Rh8 42. Kxb4 Rh3 43. Qa3 Rh2 44. Ba4 Qg5 45. Qa1 Rh8 46. Kc4 Ra8 47.
Qa3 Bf6 48. Qb4 Qg2 49. Rc1 Rxf3 50. Bc6 Rxd3 51. cxd3 Ra2 52. b3 Qb2 53. Qe1
Bg5 0-1

[Event "Philadelphia Open"]
[Site "Philadelphia"]
[Date "2013.03.29"]
[Round "5"]
[White "Defibaugh, Jared"]
[Black "Most, Eric"]
[Result "1/2-1/2"]
[WhiteElo "2287"]
[BlackElo "2167"]
[PlyCount "81"]
[EventDate "2013.03.??"]
[EventType "swiss"]
[EventRounds "9"]
[EventCountry "USA"]
[Source "MonRoi"]

1. e4 c5 2. Nf3 g6 3. d4 cxd4 4. c3 d3 5. Bxd3 Bg7 6. O-O d6 7. Qe2 Nc6 8. Rd1
Qc7 9. Na3 a6 10. Bf4 Nf6 11. h3 O-O 12. Rac1 Nd7 13. Nc4 Nc5 14. Bb1 b5 15.
Ne3 Be6 16. Nd4 Rac8 17. Nxc6 Qxc6 18. Nd5 Rfe8 19. c4 bxc4 20. Rxc4 Bxd5 21.
exd5 Qb5 22. b3 Nd7 23. Bd3 Nc5 24. Rdc1 Qb7 25. Bb1 a5 26. Qd2 Ra8 27. Bc2
Reb8 28. Bd1 Qd7 29. Bg4 Qd8 30. Qe3 h5 31. Bf3 Rb4 32. Bg5 Bf6 33. Re1 Rxc4
34. bxc4 Rb8 35. g4 hxg4 36. Bxg4 Rb4 37. Be2 Qd7 38. Bg4 Qd8 39. Be2 Qd7 40.
Bg4 Qd8 41. Be2 1/2-1/2

[Event "Philadelphia Open"]
[Site "Philadelphia"]
[Date "2013.03.29"]
[Round "5"]
[White "Williams, Justus"]
[Black "Chandra, Akshat"]
[Result "1/2-1/2"]
[WhiteElo "2188"]
[BlackElo "2265"]
[PlyCount "108"]
[EventDate "2013.03.??"]
[EventType "swiss"]
[EventRounds "9"]
[EventCountry "USA"]
[Source "MonRoi"]

1. Nf3 Nf6 2. c4 e6 3. g3 d5 4. Bg2 dxc4 5. Qa4+ c6 6. Qxc4 b5 7. Qc2 Bb7 8.
O-O Nbd7 9. d4 Rc8 10. Nc3 b4 11. Na4 c5 12. Nxc5 Nxc5 13. dxc5 Qa5 14. Be3
Bxc5 15. Bxc5 Rxc5 16. Qd2 O-O 17. a3 Qb6 18. Qxb4 Rb5 19. Qd4 Bxf3 20. Qxb6
Rxb6 21. Bxf3 Rxb2 22. Rfb1 Rfb8 23. Rxb2 Rxb2 24. Rc1 g5 25. Rc5 h6 26. h3 Rd2
27. Rc7 Rd7 28. Rc8+ Kg7 29. Rc5 Ng8 30. a4 Ne7 31. e3 Kf8 32. Rb5 Nf5 33. Rb8+
Ke7 34. a5 Rd8 35. Rb7+ Rd7 36. Rb8 Rd8 37. Rb7+ Rd7 38. Rb8 Rc7 39. a6 Rd7 40.
Bc6 Rc7 41. Bb7 Nd6 42. Ra8 Nb5 43. Rh8 Nd6 44. Bf3 Rc8 45. Rxh6 Rc1+ 46. Kg2
Ra1 47. Bb7 Nxb7 48. axb7 Rb1 49. Rh5 Kf6 50. f4 gxf4 51. exf4 Rxb7 52. Ra5 Kg6
53. g4 Rb4 54. Kg3 Rb3+ 1/2-1/2

[Event "Philadelphia Open"]
[Site "Philadelphia"]
[Date "2013.03.29"]
[Round "5"]
[White "Coraretti, Benjamin"]
[Black "Zenyuk, Iryna"]
[Result "1-0"]
[WhiteElo "2123"]
[BlackElo "2263"]
[PlyCount "35"]
[EventDate "2013.03.??"]
[EventType "swiss"]
[EventRounds "9"]
[EventCountry "USA"]
[Source "MonRoi"]

1. e4 c5 2. c3 d5 3. exd5 Qxd5 4. d4 Nf6 5. Nf3 Bg4 6. Be3 cxd4 7. cxd4 e6 8.
Nc3 Qd8 9. Qa4+ Nbd7 10. Ne5 Bf5 11. g4 Bxg4 12. Bg5 Qc7 13. Bxf6 gxf6 14. Nxg4
O-O-O 15. Nb5 Nb6 16. Qb3 Qf4 17. Nxa7+ Kc7 18. Ne3 1-0

[Event "Philadelphia Open"]
[Site "Philadelphia"]
[Date "2013.03.29"]
[Round "5"]
[White "Checa, Nicolas De"]
[Black "Helfst, Matt"]
[Result "1-0"]
[WhiteElo "2032"]
[BlackElo "2012"]
[PlyCount "53"]
[EventDate "2013.03.??"]
[EventType "swiss"]
[EventRounds "9"]
[EventCountry "USA"]
[Source "MonRoi"]

1. d4 e6 2. c4 d5 3. Nf3 Be7 4. g3 c6 5. Bg2 Nd7 6. O-O Ngf6 7. Nc3 O-O 8. Nd2
b6 9. e4 dxc4 10. Nxc4 Ba6 11. b3 b5 12. Ne3 Nb6 13. Bb2 Rc8 14. Qe2 Rc7 15. a4
Bb4 16. a5 Nbd7 17. Nc2 Bxc3 18. Bxc3 c5 19. dxc5 Nxc5 20. Rad1 Qc8 21. Bxf6
gxf6 22. Qg4+ Kh8 23. Qh4 Nd7 24. Ne3 b4 25. Ng4 Bxf1 26. Rxd7 Be2 27. Qxf6+
1-0

[Event "Philadelphia Open"]
[Site "Philadelphia"]
[Date "2013.03.29"]
[Round "5"]
[White "Balakrishnan, Praveen"]
[Black "Patil, Anuprita"]
[Result "1-0"]
[WhiteElo "2026"]
[BlackElo "2079"]
[PlyCount "64"]
[EventDate "2013.03.??"]
[EventType "swiss"]
[EventRounds "9"]
[EventCountry "USA"]
[Source "MonRoi"]

1. e4 c5 2. Nf3 e6 3. d3 Nc6 4. g3 Nge7 5. Bg2 g6 6. O-O Bg7 7. c3 O-O 8. Be3
b6 9. d4 cxd4 10. cxd4 d5 11. e5 Nf5 12. Qd2 f6 13. exf6 Qxf6 14. Rd1 h6 15. h4
Kh7 16. Nc3 Ba6 17. Ne2 Nxe3 18. fxe3 Bxe2 19. Qxe2 Qe7 20. h5 Kh8 21. Nh4 Rf6
22. Nxg6+ Rxg6 23. hxg6 Qg5 24. g4 Ne7 25. Rac1 e5 26. Rc7 Rf8 27. Rf1 Rxf1+
28. Qxf1 Nxg6 29. Qf7 Qxe3+ 30. Kh1 Qe1+ 31. Kh2 Qh4+ 32. Bh3 Qf6 1-0

[Event "Philadelphia Open"]
[Site "Philadelphia"]
[Date "2013.03.30"]
[Round "6"]
[White "Corrales Jimenez, Fidel"]
[Black "Smith, Bryan"]
[Result "1-0"]
[WhiteElo "2601"]
[BlackElo "2460"]
[PlyCount "69"]
[EventDate "2013.03.??"]
[EventType "swiss"]
[EventRounds "9"]
[EventCountry "USA"]
[Source "MonRoi"]

1. e4 c5 2. Nf3 d6 3. d4 cxd4 4. Nxd4 Nf6 5. Nc3 g6 6. Be3 Bg7 7. f3 O-O 8. Qd2
Nc6 9. O-O-O d5 10. exd5 Nxd5 11. Nxc6 bxc6 12. Bd4 Bxd4 13. Qxd4 Qb6 14. Na4
Qc7 15. Bc4 Rd8 16. g3 Bf5 17. Qc5 Nb6 18. Nc3 Nxc4 19. Qxc4 Qb6 20. Qe2 Qb4
21. a3 Qc5 22. Rxd8+ Rxd8 23. Re1 Rd7 24. Qe3 Qb6 25. Na4 Qb5 26. b3 h5 27. Qc3
e6 28. h3 g5 29. g4 hxg4 30. hxg4 Bg6 31. Nc5 Rd5 32. Rh1 e5 33. Ne4 Kf8 34.
Qe3 Qb6 35. Qxg5 1-0

[Event "Philadelphia Open"]
[Site "Philadelphia"]
[Date "2013.03.30"]
[Round "6"]
[White "Kreiman, Boris"]
[Black "Naroditsky, Daniel"]
[Result "0-1"]
[WhiteElo "2482"]
[BlackElo "2472"]
[PlyCount "70"]
[EventDate "2013.03.??"]
[EventType "swiss"]
[EventRounds "9"]
[EventCountry "USA"]
[Source "MonRoi"]

1. e4 c5 2. Nf3 d6 3. d4 cxd4 4. Nxd4 Nf6 5. Nc3 a6 6. Bc4 e6 7. Bb3 b5 8. O-O
Qc7 9. f4 Nbd7 10. Re1 Bb7 11. Bxe6 fxe6 12. Nxe6 Qc6 13. Nd5 Kf7 14. Nd4 Qc5
15. b4 Qc4 16. Bb2 Nxd5 17. Qh5+ Kg8 18. exd5 Qxd5 19. Qh3 Nf6 20. f5 h5 21.
Ne6 Ng4 22. Rf1 Rc8 23. Nd4 Be7 24. Rad1 Bg5 25. f6 Bxf6 26. Nf3 Qf5 27. Bxf6
Qxf6 28. Qg3 Bxf3 29. Rxf3 Qe5 30. Rxd6 Qxg3 31. Rxg3 Rxc2 32. Kf1 Kh7 33. h3
Rf8+ 34. Ke1 Nh2 35. Rd2 Rxd2 0-1

[Event "Philadelphia Open"]
[Site "Philadelphia"]
[Date "2013.03.30"]
[Round "6"]
[White "Xiong, Jeffery"]
[Black "Hambleton, Aman"]
[Result "0-1"]
[WhiteElo "2330"]
[BlackElo "2495"]
[PlyCount "72"]
[EventDate "2013.03.??"]
[EventType "swiss"]
[EventRounds "9"]
[EventCountry "USA"]
[Source "MonRoi"]

1. e4 e6 2. d4 d5 3. Nd2 h6 4. Ngf3 Nf6 5. e5 Nfd7 6. Bd3 c5 7. c3 Nc6 8. a3
Qb6 9. O-O cxd4 10. cxd4 Nxd4 11. Nxd4 Qxd4 12. Nf3 Qb6 13. b4 Be7 14. Be3 Qd8
15. Bc2 Nb6 16. Nd4 Nc4 17. Bf4 h5 18. h3 Bd7 19. Qd3 Rc8 20. Bh2 Qb6 21. Kh1
a5 22. f4 g6 23. Bg1 Qc7 24. Qg3 h4 25. Qg4 Rh6 26. Rae1 Bf8 27. Bh2 Nd2 28.
Rf2 Qc3 29. f5 gxf5 30. Nxf5 Ne4 31. Bxe4 Qxe1+ 32. Bg1 exf5 33. Bxf5 Rc1 34.
Bxd7+ Kd8 35. Qg5+ Be7 36. Qg8+ Kxd7 0-1

[Event "Philadelphia Open"]
[Site "Philadelphia"]
[Date "2013.03.30"]
[Round "6"]
[White "Bryant, John"]
[Black "Lenderman, Alex"]
[Result "1-0"]
[WhiteElo "2454"]
[BlackElo "2601"]
[PlyCount "65"]
[EventDate "2013.03.??"]
[EventType "swiss"]
[EventRounds "9"]
[EventCountry "USA"]
[Source "MonRoi"]

1. e4 c6 2. d4 d5 3. Nc3 dxe4 4. Nxe4 Bf5 5. Ng3 Bg6 6. Nf3 Nd7 7. h4 h6 8. h5
Bh7 9. Bd3 Bxd3 10. Qxd3 e6 11. Bd2 Ngf6 12. O-O-O Be7 13. Qe2 c5 14. dxc5 Qc7
15. Kb1 O-O 16. Nf5 Bxc5 17. Nxh6+ gxh6 18. Bxh6 Rfd8 19. g4 Rac8 20. g5 Ng4
21. Rdg1 Nxh6 22. gxh6+ Kf8 23. h7 Ke7 24. Rg7 Qc6 25. Rhg1 Rh8 26. Nh4 Ke8 27.
Rg8+ Ke7 28. Nf5+ Kf6 29. Qg4 exf5 30. Qg7+ Ke7 31. Qxh8 Bd4 32. Re1+ Ne5 33.
Rxc8 1-0

[Event "Philadelphia Open"]
[Site "Philadelphia"]
[Date "2013.03.30"]
[Round "6"]
[White "Van Kampen, Robin Oscar"]
[Black "Yang, Darwin"]
[Result "0-1"]
[WhiteElo "2642"]
[BlackElo "2486"]
[PlyCount "84"]
[EventDate "2013.03.??"]
[EventType "swiss"]
[EventRounds "9"]
[EventCountry "USA"]
[Source "MonRoi"]

1. e4 e6 2. d4 d5 3. Nc3 dxe4 4. Nxe4 Nd7 5. Nf3 Ngf6 6. Bg5 h6 7. Nxf6+ Nxf6
8. Bh4 c5 9. Bd3 cxd4 10. O-O Be7 11. Nxd4 O-O 12. c3 Qb6 13. Qe2 Bd7 14. Nf3
Rfd8 15. Ne5 Be8 16. Rad1 Rd5 17. Kh1 Rad8 18. f4 Qc7 19. Bg3 b5 20. Rfe1 Bd6
21. Bb1 Rxd1 22. Rxd1 Bxe5 23. fxe5 Rxd1+ 24. Qxd1 Nd5 25. Qd3 g6 26. Qd4 Bc6
27. Bd3 Nb6 28. Bf4 g5 29. Bg3 Na4 30. c4 bxc4 31. Bxc4 Nb6 32. Bb3 Bd5 33. h4
Bxb3 34. axb3 Qc1+ 35. Kh2 Nd5 36. hxg5 hxg5 37. Qxa7 Ne3 38. Qd4 Kg7 39. Qc3
Nf1+ 40. Kh3 Qb1 41. Qd4 Qh7+ 42. Bh4 Ne3 0-1

[Event "Philadelphia Open"]
[Site "Philadelphia"]
[Date "2013.03.30"]
[Round "6"]
[White "Ippolito, Dean"]
[Black "Izoria, Zviad"]
[Result "0-1"]
[WhiteElo "2423"]
[BlackElo "2583"]
[PlyCount "84"]
[EventDate "2013.03.??"]
[EventType "swiss"]
[EventRounds "9"]
[EventCountry "USA"]
[Source "MonRoi"]

1. d4 Nf6 2. c4 g6 3. Nf3 Bg7 4. g3 O-O 5. Bg2 d6 6. O-O Nc6 7. Nc3 Rb8 8. h3
a6 9. e4 b5 10. e5 Nd7 11. e6 fxe6 12. d5 Na5 13. cxb5 axb5 14. Nd4 Ne5 15. b4
c5 16. dxc6 Nexc6 17. Bxc6 Bxd4 18. Qxd4 Nxc6 19. Qe4 Ne5 20. f4 Nc4 21. a4
Qb6+ 22. Kh2 d5 23. a5 dxe4 24. axb6 Rxb6 25. Nxe4 e5 26. Ra7 Rb7 27. Rxb7 Bxb7
28. Nc5 Bc6 29. g4 e4 30. Re1 Ra8 31. Kg3 Ra1 32. Nb3 Rb1 33. Nd4 Bd7 34. Nc2
Rb3+ 35. Kh4 Rc3 36. Ne3 Kf7 37. Nd5 Rc2 38. Ne3 Rxc1 39. Rxc1 Nxe3 40. Rc7 Be6
41. Kg5 Bc4 42. f5 gxf5 0-1

[Event "Philadelphia Open"]
[Site "Philadelphia"]
[Date "2013.03.30"]
[Round "6"]
[White "Panchanathan, Magesh Chandran"]
[Black "Jayakumar, Adarsh"]
[Result "1-0"]
[WhiteElo "2579"]
[BlackElo "2294"]
[PlyCount "101"]
[EventDate "2013.03.??"]
[EventType "swiss"]
[EventRounds "9"]
[EventCountry "USA"]
[Source "MonRoi"]

1. e4 c5 2. Nf3 d6 3. d4 cxd4 4. Nxd4 Nf6 5. Nc3 a6 6. Be2 e6 7. O-O Qc7 8. a4
Nc6 9. Nb3 b6 10. f4 Be7 11. Be3 O-O 12. Bf3 Bb7 13. Kh1 Nd7 14. Rf2 Nc5 15.
Nd4 Bf6 16. Nxc6 Bxc6 17. Bd4 e5 18. fxe5 dxe5 19. Be3 Rad8 20. Rd2 Qb7 21. Nd5
Bxd5 22. Rxd5 Be7 23. c3 f5 24. Bxc5 Rxd5 25. Qb3 Bxc5 26. exf5 e4 27. Bxe4
Rfxf5 28. Bxf5 Qf7 29. Be4 Rd7 30. c4 Qe7 31. Qh3 g6 32. a5 bxa5 33. Bd5+ Kh8
34. Qc3+ Qg7 35. Rxa5 Re7 36. g3 Bd4 37. Rxa6 Qe5 38. Ra8+ Kg7 39. Rg8+ Kh6 40.
Qd2+ Be3 41. Qe2 Rf7 42. Bf3 Rd7 43. Qf1 Qe6 44. Ra8 Rd2 45. Qe1 Qb6 46. b4 Qd4
47. Re8 Bf2 48. Qf1 Ra2 49. Re4 Qd2 50. Re2 Qc3 51. Qxf2 1-0

[Event "Philadelphia Open"]
[Site "Philadelphia"]
[Date "2013.03.30"]
[Round "6"]
[White "D'Costa, Lorin"]
[Black "Margvelashvili, Giorgi"]
[Result "1/2-1/2"]
[WhiteElo "2416"]
[BlackElo "2565"]
[PlyCount "27"]
[EventDate "2013.03.??"]
[EventType "swiss"]
[EventRounds "9"]
[EventCountry "USA"]
[Source "MonRoi"]

1. d4 Nf6 2. c4 e6 3. Nf3 Bb4+ 4. Bd2 Bxd2+ 5. Qxd2 d5 6. g3 c6 7. Bg2 Nbd7 8.
Qc2 b5 9. cxd5 cxd5 10. O-O O-O 11. Nbd2 Bb7 12. Rfc1 Rc8 13. Qd1 Qb6 14. e3
1/2-1/2